The righteous revenge of Lucy Moon / Bill Brooks.
Available copies
- 1 of 1 copy available at LARL/NWRL Consortium. (Show)
- 1 of 1 copy available at Lake Agassiz Regional Library.
Current holds
0 current holds with 1 total copy.
View other formats and editions
Show All Copies
| Location | Call Number / Copy Notes | Barcode | Shelving Location | Status | Due Date |
|---|---|---|---|---|---|
| Climax Public Library | W BRO (Text) | 33500012076956 | Main | Available | - |
Record details
- ISBN: 9781432830090
- ISBN: 1432830090
- Physical Description: 271 pages ; 23 cm
- Edition: First edition.
- Publisher: Waterville, Maine : Five Star, a part of Gale, Cengage Learning, [2015]
Content descriptions
| Summary, etc.: | "This family story begins in 1950s Santa Clara ... Read More |
Search for related items by subject
| Subject: | Murder > Investigation > Fiction. United States > Social life and customs > 19th century > Fiction. Family life > Fiction. |
| Genre: | Western stories. Mystery fiction. Historical fiction. |
| LDR | 01810cam a22004698i 4500 | ||
|---|---|---|---|
| 001 | 181657 | ||
| 003 | LARL_NWRL_CONSORTIUM | ||
| 005 | 20150514102836.0 | ||
| 008 | 141124s2015 meu 000 1 eng | ||
| 010 | . | ‡a2014041380 | |
| 020 | . | ‡a9781432830090 ‡q(hardcover) | |
| 020 | . | ‡a1432830090 ‡q(hardcover) | |
| 035 | . | ‡a(OCoLC)886487163 | |
| 040 | . | ‡aDLC ‡beng ‡erda ‡cDLC ‡dBTCTA ‡dBDX ‡dOCLCO ‡dOCLCF ‡dOJ4 ‡dIH8 | |
| 042 | . | ‡apcc | |
| 043 | . | ‡an-us--- | |
| 050 | 0 | 0. | ‡aPS3552.R65863 ‡bR54 2015 |
| 082 | 0 | 0. | ‡a813/.54 ‡223 |
| 084 | . | ‡aFIC033000 ‡2bisacsh | |
| 100 | 1 | . | ‡aBrooks, Bill, ‡d1943- ‡0(LARL_NWRL_CONSORTIUM)105992 |
| 245 | 1 | 4. | ‡aThe righteous revenge of Lucy Moon / ‡cBill Brooks. |
| 250 | . | ‡aFirst edition. | |
| 260 | . | ‡aWaterville, Maine : ‡bFive Star, a part of Gale, Cengage Learning, ‡c[2015] | |
| 260 | . | ‡c©2015 | |
| 300 | . | ‡a271 pages ; ‡c23 cm | |
| 336 | . | ‡atext ‡2rdacontent | |
| 337 | . | ‡aunmediated ‡2rdamedia | |
| 338 | . | ‡avolume ‡2rdacarrier | |
| 520 | . | ‡a"This family story begins in 1950s Santa Clara Valley, California, and ends with its adult offspring each narrating his perspective on the family's dynamics and future"--Provided by publisher. | |
| 650 | 0. | ‡aMurder ‡xInvestigation ‡vFiction. ‡0(LARL_NWRL_CONSORTIUM)166203 | |
| 651 | 0. | ‡aUnited States ‡xSocial life and customs ‡y19th century ‡vFiction. ‡0(LARL_NWRL_CONSORTIUM)163082 | |
| 650 | 1. | ‡aFamily life ‡vFiction. | |
| 655 | 7. | ‡aWestern stories. ‡2gsafd | |
| 655 | 7. | ‡aMystery fiction. ‡2gsafd | |
| 655 | 7. | ‡aHistorical fiction. ‡2gsafd | |
| 948 | . | ‡hNO HOLDINGS IN LAL - 102 OTHER HOLDINGS | |
| 994 | . | ‡aZ0 ‡bLAL | |
| 901 | . | ‡a181657 ‡bOCLC ‡c181657 ‡tbiblio | |

Add to basket
Permalink
Disable Highlighting